The context of ethnicity: (Record no. 58861)

MARC details
000 -LEADER
fixed length control field 01169nam a22002417a 4500
005 - DATE AND TIME OF LATEST TRANSACTION
control field 20111201102429.0
010 ## - LCCN (DPL NO)
LC control number B-444783-784
020 ## - INTERNATIONAL STANDARD BOOK NUMBER
International Standard Book Number 9780195643916
Terms of availability 250.00
035 ## - SYSTEM CONTROL NUMBER
System control number B-444783-784
037 ## - SOURCE OF ACQUISITION
Source of stock number/acquisition Oxford University Press
037 ## - SOURCE OF ACQUISITION
Source of stock number/acquisition Allied Pub/Ven
082 ## - DEWEY DECIMAL CLASSIFICATION NUMBER
Classification number 954.12
100 ## - MAIN ENTRY--PERSONAL NAME
Personal name Gupta, Dipankar
245 ## - TITLE STATEMENT
Title The context of ethnicity:
Statement of responsibility, etc by Dipankar Gupta
Remainder of title Sikh identity in a comparative perspective /
260 ## - PUBLICATION, DISTRIBUTION, ETC. (IMPRINT)
Place of publication, distribution, etc New Delhi
Name of publisher, distributor, etc Oxford University Press
Date of publication, distribution, etc 2011
270 ## - ADDRESS
Address YMCA Library Building, Jai Singh Road,
City New Delhi
Postal code 110001
300 ## - PHYSICAL DESCRIPTION
Extent xii, 241p.
Dimensions 24cm(pbk)
500 ## - GENERAL NOTE
General note Includes glossary, references and index
942 ## - ADDED ENTRY ELEMENTS (KOHA)
Source of classification or shelving scheme Dewey Decimal Classification
Item type English Books
Call number suffix GUP
Classification part 954.12
Holdings
Withdrawn status Lost status Not for loan Collection code Home library Current library Date acquired Source of acquisition Cost, normal purchase price Full call number Barcode Copy number Cost, replacement price Koha item type
      Non-fiction Central Library Central Library 05/01/2012 Allied/1045/13.09.11/78/14.3.11/12.10.2011 250.00 954.12 GUP B-444783 1 250.00 English Books
      Non-fiction Sarojini Nagar Sarojini Nagar 05/01/2012 Allied/1045/13.09.11/78/14.3.11/12.10.2011 250.00 954.12 GUP B-444784 1 250.00 English Books

© Delhi Public Library
Hit Counter
free hit counter